000 00622nam a22001457a 4500
020 _a0-19-561002-4
082 _a823
_bMAR/U
100 _aMARTIN A.S
245 _aUNCLE TOM'S CABIN
260 _aNEW DELHI
_bOXFORD UNIVERSITY PRESS
_c2004
300 _a138
520 _aUncle Tom's Cabin tells the story of Uncle Tom, an enslaved person, depicted as saintly and dignified, noble and steadfast in his beliefs. While being transported by boat to auction in New Orleans, Tom saves the life of Little Eva, an angelic and forgiving young girl, whose grateful father then purchases Tom.
650 _aSHORT STORY
942 _cBK
999 _c6203
_d6203